| 000 | 00932nam a22002055i 4500 | ||
|---|---|---|---|
| 001 | 163548 | ||
| 003 | ES-MaACL | ||
| 005 | 20230906212748.0 | ||
| 008 | 940615s1862 sp a |||| | spa d | ||
| 040 |
_aCAM _bspa |
||
| 100 | 1 |
_aRíos, Demetrio de los. _997361 |
|
| 245 | 1 | 0 |
_aMemoria arqueológico-descriptiva del anfiteatro de Itálica _b: acompañada del plano y restauración del mismo edificio / _cpor Demetrio de los Rios ; publícala la Real Academia de la Historia. |
| 260 |
_aMadrid : _b[s.n.], _c1862 ( _fImprenta de José Rodriguez) |
||
| 300 |
_a67 p., [1] h. de grab. pleg. ; _c27 cm. |
||
| 599 | 1 | _aLa h. de grab. pleg. lit. : "O de los Rios dib. A<nio> Olarte Gochea, grabó ; Lit. de J. Dorion" | |
| 610 | 2 | 4 |
_aAnfiteatro de Itálica. _9146720 |
| 650 | 4 |
_aArquitectura romana- _zSevilla. _9135486 |
|
| 710 | 2 |
_aReal Academia de la Historia (España), _eed. lit. _96309 |
|
| 852 |
_aES-MaACL _j1586-F-14 _z-- Rust. |
||
| 999 |
_c163548 _d163548 |
||